00871 a2200217 4500010001400000020002300014035001300037037001800050082001100068090001500079245011900094250001100213260005700224270010000281300002900381500005000410700002100460942002600481999001500507952013100522 aENG-85440 c100.00a8185378096 aEN-68973 bD.B.Act / Pub00a181.41 c3078d30781 aA practical guide to know yourselfccompiled and edited by A. R. Natarajanbconversations with Sri Ramana Maharshi a9th ed aBangalorebRamana Maharshi Centre for Learningc2005 aPost office Road, Sanjay NagarbBangaloree560094cKarnatakak23512639mglobalvisionpub@eth.net axvi,261 p.c22 cm. (Pbk) aIncludes bibliographical references and index aNatarajan, A. R. adplcENk181.41 / PRA c3017d3017 00102ddc40718NFICaDBADbDBADeDBAD/PUBg100.00l0o181.41pEN-68973r2008-09-15 00:00:00t1u3211v100.00w2008-09-15yEN